LEADER 01630nam a2200337 i 4500 001 000000161695 003 CaOOAMICUS 005 20230320161535.0 008 070612s2006 it u000 u ita u 013 $a139058 020 $a88-526-0127-9 040 $aSeMil$bita 100 1 $aScholl, Hans,$d<1918-1943>.$0(OLS)http://semarc/name/42740 240 10$aBriefe und Aufzeichnungen.$0(OLS)http://semarc/title/144939 245 10$aLettere e diari /$cHans e Sophie Scholl ; prefazione di Paul Josef Cordes ; traduzione di Valentina Gallegati. 260 $aCastel Bolognese (RA) :$bItaca,$ccopyr. 2006. 300 $a267 p. :$bill. ;$c19 cm. 600 14$aScholl, Sophie <1921-1943>.$0(OLS)http://semarc/subject/17667 600 14$aScholl, Hans <1918-1943>.$0(OLS)http://semarc/subject/17668 650 4$aLa Rosa Bianca - Testimonianze.$0(OLS)http://semarc/subject/17669 650 4$aMovimenti antinazismo - 1933-1945 - Germania.$0(OLS)http://semarc/subject/17670 700 1 $aGallegati, Valentina.$0(OLS)http://semarc/name/42742 700 1 $aCordes, Paul Josef .$0(OLS)http://semarc/name/19823 700 1 $aScholl, Sophie,$d<1921-1943>.$0(OLS)http://semarc/name/42741 850 $aSeMil 852 $aSeMil$W1$xVenegono$y1$m3J II 378$j113074$B113074$CSeMilBibl$Z2$F124820 $81 961 $aAcquisto: UniLIbro 996 $6020$a88-526-0127-9$9(OLS)http://semarc/number/77771 996 $6245$aLettere e diari$9(OLS)http://semarc/title/115546 996 $6260$aCastel Bolognese (RA) :$bItaca$9(OLS)http://semarc/publisher/33200 LEADER 01115nam a2200277 i 4500 001 000000186061 003 CaOOAMICUS 005 20100219000000.0 008 100219s1926 it u000 u ita u 013 $a164107 040 $aSeMil$bita 100 0 $aAugustinus, Aurelius,$c.$0(OLS)http://semarc/name/498 245 13$aLa cura dei morti /$cS. Agostino ; traduzione e note del Sac. Carlo Giorgi. 260 $aFirenze :$bLibreria Editrice Fiorentina,$cstampa 1926. 300 $a82 p., [1] c. di tav. ;$c20 cm. 490 0 $aBiblioteca Agostiniana ;$v2 700 1 $aGiorgi, Carlo Maria.$0(OLS)http://semarc/name/10254 830 0$aBiblioteca Agostiniana ;$v2.$0(OLS)http://semarc/title/30752 850 $aSeMil 852 $aSeMil$W1$xVenegono$y1$m2T I 171$j136748$B136748$CSeMilBibl$Z2$F148308 $81 900 1 $aAgostino : d'Ippona. 900 1 $aSant'Agostino. 996 $6245$aLa cura dei morti$9(OLS)http://semarc/title/267428 996 $6260$aFirenze :$bLibreria Editrice Fiorentina$9(OLS)http://semarc/publisher/30629